Statistics for Biggest cities in Norway

Click here to take the quiz!

General Stats

  • This quiz has been taken 22 times
  • The average score is 6 of 10

Answer Stats

PopulationCity% Correct
580,000Oslo
100%
213,500Bergen
95%
147,100Trondheim
95%
52,400Tromso
71%
121,600Stavanger
62%
63,800Kristiansand
52%
72,700Fredrikstad
33%
90,700Drammen
24%
52,100Sarpsborg
24%
63,000Sandnes
19%

Score Distribution

Percentile by Number Answered

Percent of People with Each Score

Your Score History

You have not taken this quiz